000 00519nam a2200181 i 4500
001 47393
003 ES-MaACL
005 20230906161544.0
007 t|
008 030407s1969 sp ||||1| spa d
100 1 _aCorbon, Jean.
_940474
245 1 3 _aLa palabra de Dios /
_cJean Corbon, Michel Bouttier, Georges Khodre.
260 _aBilbao :
_bMensajero,
_c[1969]
300 _a202 p. ;
_c19 cm.
700 1 _aBouttier, Michel.
_931070
700 1 _aKhodre, Georges.
_967994
852 _aES-MaACL
_jC-51056
_bR.70882
999 _c47393
_d47393